<?xml version="1.0" encoding="UTF-8"?><?xml-stylesheet type="text/xsl" href="static/style.xsl"?><OAI-PMH xmlns="http://www.openarchives.org/OAI/2.0/" xmlns:xsi="http://www.w3.org/2001/XMLSchema-instance" xsi:schemaLocation="http://www.openarchives.org/OAI/2.0/ http://www.openarchives.org/OAI/2.0/OAI-PMH.xsd"><responseDate>2026-06-29T02:40:25Z</responseDate><request verb="GetRecord" identifier="oai:docta.ucm.es:20.500.14352/17420" metadataPrefix="marc">https://docta.ucm.es/rest/oai/request</request><GetRecord><record><header><identifier>oai:docta.ucm.es:20.500.14352/17420</identifier><datestamp>2025-05-27T00:08:38Z</datestamp><setSpec>com_20.500.14352_14</setSpec><setSpec>col_20.500.14352_17</setSpec></header><metadata><record xmlns="http://www.loc.gov/MARC21/slim" xmlns:dcterms="http://purl.org/dc/terms/" xmlns:xsi="http://www.w3.org/2001/XMLSchema-instance" xmlns:doc="http://www.lyncode.com/xoai" xsi:schemaLocation="http://www.loc.gov/MARC21/slim http://www.loc.gov/standards/marcxml/schema/MARC21slim.xsd">
   <leader>00925njm 22002777a 4500</leader>
   <datafield ind2=" " ind1=" " tag="042">
      <subfield code="a">dc</subfield>
   </datafield>
   <datafield ind2=" " ind1=" " tag="720">
      <subfield code="a">López Yepes, Alfonso</subfield>
      <subfield code="e">author</subfield>
   </datafield>
   <datafield ind2=" " ind1=" " tag="260">
      <subfield code="c">2018</subfield>
   </datafield>
   <datafield ind2=" " ind1=" " tag="520">
      <subfield code="a">Repositorio audiovisual-multimedia de y sobre Ciencias de la Información-Comunicación-Documentación (cine, fotografía, prensa, publicidad, radio, televisión, redes sociales) en archivos, centros-servicios de documentación, facultades-ámbitos académicos ciencias de la información-comunicación-documentación, comunicación social: blogs, canales, listas, portales, redes, revistas, web social-comunidades usuarios… Algunos ejemplos de consulta/producción-recuperación-difusión de patrimonio audiovisual-multimedia desde el Servicio de Documentación Multimedia UCM: Bibliored, Cinedocnet, Redauvi, RTVDoc, Bibliomem, Bibliocineradiotv, Educación y Cine… [Una panorámica sobre el estado de la cuestión].</subfield>
   </datafield>
   <datafield ind1="8" ind2=" " tag="024">
      <subfield code="a">https://hdl.handle.net/20.500.14352/17420</subfield>
   </datafield>
   <datafield ind1="8" ind2=" " tag="024">
      <subfield code="a">http://www.multidoc.es</subfield>
   </datafield>
   <datafield ind2="0" ind1="0" tag="245">
      <subfield code="a">Servicio Documentación Multimedia UCM: Producción (patrimonio) audiovisual-multimedia en acceso abierto y proyección iberoamericana (1982-2018) </subfield>
   </datafield>
</record></metadata></record></GetRecord></OAI-PMH>